Η παρουσία της ιατρικής στη νεοελληνική πεζογραφία
Αποθηκεύτηκε σε:
| Κύριος συγγραφέας: | |
|---|---|
| Άλλοι συγγραφείς: | |
| Μορφή: | Βιβλίο |
| Γλώσσα: | Greek |
| Δημοσίευση: |
Αθήνα :
Ακροκέραμος,
1981.
|
| Σειρά: | Μελετήματα (Κέντρον Ελληνικής και Ρωμαϊκής Αρχαιότητος)
1 |
| Θέματα: | |
| Ετικέτες: |
Προσθήκη ετικέτας
Δεν υπάρχουν, Καταχωρήστε ετικέτα πρώτοι!
|
MARC
| LEADER | 00000cam a2200000 i 4500 | ||
|---|---|---|---|
| 001 | 1/44877 | ||
| 008 | 941103s1981 gr | ||| |||| ||gre|| | ||
| 035 | |a 1990 |l 10042393 | ||
| 040 | |a GR-MyUA |b gre |e AACR2 | ||
| 041 | 0 | |a gre | |
| 082 | 0 | |a 808.80356 | |
| 100 | 1 | |a Ρηγάτος, Γεράσιμος Α., |d 1945- | |
| 245 | 1 | 2 | |a Η παρουσία της ιατρικής στη νεοελληνική πεζογραφία / |c Γεράσιμος Α. Ρηγάτος ; πρόλογος Ν. Κ. Λούρος. |
| 260 | |a Αθήνα : |b Ακροκέραμος, |c 1981. | ||
| 300 | |a 189 σ. ; |c 21 εκ. | ||
| 490 | 1 | |a (Μελετήματα |v ; 1) | |
| 504 | |a Περιέχει βιβλιογραφικές αναφορές και ευρετήριο. | ||
| 650 | 0 | 0 | |a Literature and medicine |z Greece. |
| 650 | 0 | 0 | |a Greek fiction |x History and criticism. |
| 700 | 1 | |a Λούρος, Νικόλαος Κ., |d 1898-1986. | |
| 830 | 0 | |a Μελετήματα (Κέντρον Ελληνικής και Ρωμαϊκής Αρχαιότητος) |v 1 | |
| 852 | |a INST |b SAMOS |e 19941103 |h 808.80356 ΡΗΓ |p 005300000247 |q 005300000247 |t BK |y 0 | ||
| 909 | |a Σ |b 000342 | ||